[Event "Capablanca Memorial op 41st"]
[Site "Havana"]
[Date "2006.11.29"]
[Round "9"]
[White "Delgado Ramirez, Neuris"]
[Black "Soto Paez, Oliver de la Trinid"]
[Result "1-0"]
[WhiteElo "2534"]
[BlackElo "2315"]
[PlyCount "85"]
[EventDate "2006.11.21"]
[EventType "swiss"]
[EventRounds "10"]
[EventCountry "CUB"]
[SourceTitle "CBM 115 Extra"]
[Source "ChessBase"]
[SourceDate "2007.01.10"]
[SourceVersion "1"]
[SourceVersionDate "2007.01.10"]
[SourceQuality "1"]

1. e4 c5 2. Nf3 e6 3. d3 Nc6 4. g3 d5 5. Qe2 Nge7 6. Bg2 g6 7. O-O Bg7 8. c3 d4
9. cxd4 Nxd4 10. Nxd4 Qxd4 11. Nc3 Nc6 12. Be3 Qd6 13. f4 Nd4 14. Qf2 O-O 15.
e5 Qb6 16. Ne4 f6 17. exf6 Bxf6 18. b4 Qxb4 19. Rab1 Qa3 20. Nxf6+ Rxf6 21.
Bxd4 cxd4 22. Qxd4 Rf7 23. Be4 Rd7 24. Qc4 Kg7 25. Rb5 Rf7 26. Rfb1 Qd6 27. Rc5
Qd8 28. Qc3+ Kg8 29. Rc1 Qb6 30. a4 Bd7 31. a5 Qa6 32. Qe5 Raf8 33. Rc7 b6 34.
Qd6 Rc8 35. h4 Rxc7 36. Rxc7 Qb5 37. Rxa7 bxa5 38. Rb7 Qa4 39. Rb8+ Kg7 40.
Qe5+ Kh6 41. Rg8 Qb5 42. Qg5+ Qxg5 43. hxg5+ 1-0

[Event "CUB-ch op"]
[Site "Santa Clara"]
[Date "2007.01.10"]
[Round "1"]
[White "Delgado Ramirez, Neuris"]
[Black "Alvarez Pedraza, Aramis"]
[Result "1/2-1/2"]
[WhiteElo "2562"]
[BlackElo "2445"]
[PlyCount "88"]
[EventDate "2007.01.10"]
[EventType "swiss"]
[EventRounds "9"]
[EventCountry "CUB"]
[SourceTitle "CBM 116 Extra"]
[Source "ChessBase"]
[SourceDate "2007.03.07"]
[SourceVersion "1"]
[SourceVersionDate "2007.03.07"]
[SourceQuality "1"]

1. d4 Nf6 2. Bg5 e6 3. e3 c5 4. Nf3 b6 5. Nbd2 Bb7 6. Bd3 Be7 7. O-O O-O 8. c3
d6 9. a3 Nbd7 10. b4 cxd4 11. cxd4 Nd5 12. Bxe7 Qxe7 13. Rc1 Rfc8 14. Qb3 f5
15. a4 a6 16. Nc4 Rc7 17. Rc2 Rac8 18. Rfc1 N5f6 19. Ncd2 Rxc2 20. Rxc2 Rxc2
21. Qxc2 Nd5 22. Qb3 N7f6 23. b5 a5 24. Bc4 h6 25. Ne1 Kh7 26. Nd3 e5 27. dxe5
dxe5 28. Qb2 e4 29. Ne5 Qc5 30. Nf1 g5 31. h3 Bc8 32. Bxd5 Nxd5 33. Nc6 Qc3 34.
Qe2 Bd7 35. Ng3 Bxc6 36. bxc6 Qxc6 37. Nxf5 Qxa4 38. Qb2 Kg6 39. g4 Nf6 40.
Qxb6 Qd1+ 41. Kh2 Qe2 42. Kg1 Qd1+ 43. Kh2 Qe2 44. Kg1 Qd1+ 1/2-1/2

[Event "CUB-ch op"]
[Site "Santa Clara"]
[Date "2007.01.11"]
[Round "2"]
[White "De la Paz Perdomo, Frank"]
[Black "Delgado Ramirez, Neuris"]
[Result "1/2-1/2"]
[WhiteElo "2433"]
[BlackElo "2562"]
[PlyCount "94"]
[EventDate "2007.01.10"]
[EventType "swiss"]
[EventRounds "9"]
[EventCountry "CUB"]
[SourceTitle "CBM 116 Extra"]
[Source "ChessBase"]
[SourceDate "2007.03.07"]
[SourceVersion "1"]
[SourceVersionDate "2007.03.07"]
[SourceQuality "1"]

1. e4 c5 2. Nf3 Nc6 3. d4 cxd4 4. Nxd4 Nf6 5. Nc3 d6 6. Bg5 e6 7. Qd2 a6 8.
O-O-O h6 9. Be3 Nxd4 10. Bxd4 b5 11. f3 Qa5 12. Bxf6 gxf6 13. Kb1 Be7 14. f4
Bb7 15. Bd3 b4 16. Ne2 d5 17. Qe3 O-O-O 18. f5 Kb8 19. exd5 Bxd5 20. Nc1 Qc5
21. Qe2 Qc6 22. Bxa6 Bxg2 23. Rxd8+ Rxd8 24. Re1 Bf3 25. Qe3 Bd5 26. Bd3 Bd6
27. Qxh6 Be5 28. Qh4 Qb6 29. Bc4 exf5 30. Bxd5 Rxd5 31. Nd3 f4 32. Qh8+ Rd8 33.
Nxe5 Rxh8 34. Nd7+ Kc7 35. Nxb6 Kxb6 36. a3 bxa3 37. Rf1 Rh4 38. Rf3 Kc5 39.
Rd3 axb2 40. h3 Rh5 41. Kxb2 Rf5 42. Kc3 f3 43. Rd1 Rh5 44. Rf1 Rxh3 45. Kd3
Kd5 46. Ke3 Ke5 47. Rxf3 Rh4 1/2-1/2

[Event "CUB-ch op"]
[Site "Santa Clara"]
[Date "2007.01.12"]
[Round "3"]
[White "Delgado Ramirez, Neuris"]
[Black "Fernandez Cardoso, Alexey"]
[Result "1-0"]
[WhiteElo "2562"]
[BlackElo "2372"]
[PlyCount "129"]
[EventDate "2007.01.10"]
[EventType "swiss"]
[EventRounds "9"]
[EventCountry "CUB"]
[SourceTitle "CBM 116 Extra"]
[Source "ChessBase"]
[SourceDate "2007.03.07"]
[SourceVersion "1"]
[SourceVersionDate "2007.03.07"]
[SourceQuality "1"]

1. e4 c5 2. Nf3 Nc6 3. Bb5 d6 4. Bxc6+ bxc6 5. O-O e5 6. c3 f5 7. exf5 Bxf5 8.
Qa4 Qd7 9. Na3 Be7 10. Nc4 Rc8 11. d4 cxd4 12. cxd4 e4 13. Nfd2 Nf6 14. Ne3 Be6
15. b3 O-O 16. Ba3 h5 17. Rae1 h4 18. Nd1 Rf7 19. Nc3 Rcf8 20. Ndxe4 Nh5 21. d5
Bh3 22. Re3 Qg4 23. Rxh3 Nf4 24. Rg3 hxg3 25. hxg3 cxd5 26. gxf4 dxe4 27. Bc1
Rf6 28. Qxe4 Bd8 29. Be3 Kh8 30. g3 Re6 31. Qg2 Rh6 32. Ne4 d5 33. Ng5 Qf5 34.
Bxa7 Bxg5 35. fxg5 Ra6 36. Be3 Rxa2 37. Rd1 Rd8 38. Qh1+ Kg8 39. Qh4 Raa8 40.
b4 Rab8 41. b5 Re8 42. Qh5 Re4 43. b6 g6 44. Qh1 Qg4 45. Ra1 Rxe3 46. fxe3
Qxg3+ 47. Qg2 Qxe3+ 48. Kh1 Qd4 49. Rc1 Qe5 50. Qg4 Rf8 51. Rd1 Rf5 52. Rc1 Qe3
53. Rc8+ Kf7 54. Rc7+ Ke6 55. Rc2 Qxb6 56. Qe2+ Re5 57. Qg4+ Ke7 58. Rc1 Qa5
59. Qh4 Kd6 60. Qf4 Qd8 61. Qb4+ Ke6 62. Rc6+ Kf7 63. Qh4 Qe7 64. Qh7+ Ke8 65.
Qh8+ 1-0

[Event "CUB-ch op"]
[Site "Santa Clara"]
[Date "2007.01.13"]
[Round "4"]
[White "Borges Matos, Juan R"]
[Black "Delgado Ramirez, Neuris"]
[Result "1/2-1/2"]
[WhiteElo "2473"]
[BlackElo "2562"]
[PlyCount "29"]
[EventDate "2007.01.10"]
[EventType "swiss"]
[EventRounds "9"]
[EventCountry "CUB"]
[SourceTitle "CBM 116 Extra"]
[Source "ChessBase"]
[SourceDate "2007.03.07"]
[SourceVersion "1"]
[SourceVersionDate "2007.03.07"]
[SourceQuality "1"]

1. Nf3 Nf6 2. c4 c5 3. Nc3 Nc6 4. g3 d6 5. Bg2 g6 6. O-O Bg7 7. d4 cxd4 8. Nxd4
Bd7 9. b3 h5 10. Nf3 O-O 11. Bb2 Qc8 12. Rc1 Bh3 13. Nd5 Nxd5 14. Bxg7 Nf4 15.
Bxf8 1/2-1/2

[Event "CUB-ch op"]
[Site "Santa Clara"]
[Date "2007.01.14"]
[Round "5"]
[White "Delgado Ramirez, Neuris"]
[Black "Hernandez Carmenates, Holden"]
[Result "1-0"]
[WhiteElo "2562"]
[BlackElo "2543"]
[PlyCount "53"]
[EventDate "2007.01.10"]
[EventType "swiss"]
[EventRounds "9"]
[EventCountry "CUB"]
[SourceTitle "CBM 116 Extra"]
[Source "ChessBase"]
[SourceDate "2007.03.07"]
[SourceVersion "1"]
[SourceVersionDate "2007.03.07"]
[SourceQuality "1"]

1. Nf3 Nf6 2. g3 b6 3. Bg2 Bb7 4. O-O e6 5. d3 Be7 6. e4 d6 7. Ne1 e5 8. f4
Nbd7 9. c4 c6 10. Nc3 O-O 11. Nc2 b5 12. Be3 bxc4 13. dxc4 Re8 14. Kh1 Bf8 15.
f5 Nb6 16. c5 dxc5 17. Qf3 Nfd7 18. Rad1 f6 19. g4 Qe7 20. Rg1 c4 21. Bf1 Qf7
22. Be2 Bc5 23. g5 fxg5 24. Rxg5 Re7 25. Bxc5 Nxc5 26. f6 Ne6 27. fxe7 1-0

[Event "CUB-ch op"]
[Site "Santa Clara"]
[Date "2007.01.15"]
[Round "6"]
[White "Quesada Perez, Yuniesky"]
[Black "Delgado Ramirez, Neuris"]
[Result "1/2-1/2"]
[WhiteElo "2515"]
[BlackElo "2562"]
[PlyCount "28"]
[EventDate "2007.01.10"]
[EventType "swiss"]
[EventRounds "9"]
[EventCountry "CUB"]
[SourceTitle "CBM 116 Extra"]
[Source "ChessBase"]
[SourceDate "2007.03.07"]
[SourceVersion "1"]
[SourceVersionDate "2007.03.07"]
[SourceQuality "1"]

1. e4 c5 2. Nf3 Nc6 3. d4 cxd4 4. Nxd4 Nf6 5. Nc3 d6 6. Bg5 e6 7. Qd2 a6 8.
O-O-O h6 9. Be3 Qc7 10. f3 Rb8 11. Kb1 Be7 12. Bd3 Nxd4 13. Bxd4 b5 14. g4 b4
1/2-1/2

[Event "CUB-ch op"]
[Site "Santa Clara"]
[Date "2007.01.16"]
[Round "7"]
[White "Delgado Ramirez, Neuris"]
[Black "Abreu Delgado, Aryam"]
[Result "1/2-1/2"]
[WhiteElo "2562"]
[BlackElo "2473"]
[PlyCount "136"]
[EventDate "2007.01.10"]
[EventType "swiss"]
[EventRounds "9"]
[EventCountry "CUB"]
[SourceTitle "CBM 116 Extra"]
[Source "ChessBase"]
[SourceDate "2007.03.07"]
[SourceVersion "1"]
[SourceVersionDate "2007.03.07"]
[SourceQuality "1"]

1. e4 c5 2. Nf3 d6 3. Bb5+ Bd7 4. Bxd7+ Qxd7 5. O-O Nf6 6. Qe2 Nc6 7. c3 e6 8.
d3 Be7 9. Rd1 O-O 10. Bg5 d5 11. e5 Ne8 12. Bxe7 Qxe7 13. Nbd2 Nc7 14. Nb3 b5
15. Qe3 Na6 16. d4 c4 17. Nc1 b4 18. Ne2 bxc3 19. bxc3 Rab8 20. Ng3 f5 21. exf6
Qxf6 22. Re1 Nc7 23. Rab1 Rxb1 24. Rxb1 Rb8 25. Rxb8+ Nxb8 26. Ne5 Nb5 27. h3
Nd6 28. Qc1 Qd8 29. Qf4 Qf6 30. Qg4 g6 31. Qd1 Nf7 32. Qb1 Qd8 33. Nxf7 Kxf7
34. Qb7+ Nd7 35. Qxa7 Ke8 36. Qa6 Qb6 37. Qxb6 Nxb6 38. Ne2 Ke7 39. Kf1 Kf6 40.
Ke1 Kf5 41. Kd2 Ke4 42. f3+ Kf5 43. Ke3 h5 44. g3 Na4 45. f4 g5 46. fxg5 Kxg5
47. Kf3 Kf5 48. g4+ hxg4+ 49. hxg4+ Kg5 50. a3 Nb6 51. Nf4 Kf6 52. g5+ Kxg5 53.
Nxe6+ Kf6 54. Nc5 Nc8 55. a4 Na7 56. a5 Nb5 57. a6 Ke7 58. Kf4 Kd6 59. Kf5 Kc6
60. Ke6 Kb6 61. Kxd5 Nxc3+ 62. Kxc4 Nb5 63. Kd5 Nc7+ 64. Kd6 Nb5+ 65. Ke5 Na7
66. Ke6 Nb5 67. d5 Kxc5 68. d6 Nxd6 1/2-1/2

[Event "CUB-ch op"]
[Site "Santa Clara"]
[Date "2007.01.17"]
[Round "8"]
[White "Arencibia Rodriguez, Walter"]
[Black "Delgado Ramirez, Neuris"]
[Result "1/2-1/2"]
[WhiteElo "2549"]
[BlackElo "2562"]
[PlyCount "28"]
[EventDate "2007.01.10"]
[EventType "swiss"]
[EventRounds "9"]
[EventCountry "CUB"]
[SourceTitle "CBM 116 Extra"]
[Source "ChessBase"]
[SourceDate "2007.03.07"]
[SourceVersion "1"]
[SourceVersionDate "2007.03.07"]
[SourceQuality "1"]

1. e4 e5 2. Nf3 Nf6 3. Nxe5 d6 4. Nf3 Nxe4 5. Qe2 Qe7 6. d3 Nf6 7. Bg5 Qxe2+ 8.
Bxe2 Be7 9. Nc3 c6 10. O-O-O Na6 11. Rhe1 Nc7 12. Ne4 Nxe4 13. dxe4 Bxg5+ 14.
Nxg5 Ke7 1/2-1/2

[Event "CUB-ch op"]
[Site "Santa Clara"]
[Date "2007.01.18"]
[Round "9"]
[White "Delgado Ramirez, Neuris"]
[Black "Nogueiras Santiago, Jesus"]
[Result "1-0"]
[WhiteElo "2562"]
[BlackElo "2560"]
[PlyCount "97"]
[EventDate "2007.01.10"]
[EventType "swiss"]
[EventRounds "9"]
[EventCountry "CUB"]
[SourceTitle "CBM 116 Extra"]
[Source "ChessBase"]
[SourceDate "2007.03.07"]
[SourceVersion "1"]
[SourceVersionDate "2007.03.07"]
[SourceQuality "1"]

1. e4 e6 2. d4 c5 3. Nf3 cxd4 4. Nxd4 a6 5. Bd3 Bc5 6. Nb3 Be7 7. Be3 Nf6 8.
N1d2 d6 9. f4 Nc6 10. Qf3 e5 11. f5 d5 12. O-O d4 13. Bf2 h5 14. h3 h4 15. c3
Nh5 16. Bc4 Bf6 17. Bd5 Kf8 18. Bxc6 bxc6 19. cxd4 exd4 20. Nc4 a5 21. e5 Ba6
22. Nbxa5 Bg5 23. Nxc6 Qc7 24. Nxd4 Bb7 25. Qg4 Bf4 26. b3 Kg8 27. Bxh4 Bxe5
28. Nxe5 Qxe5 29. Rae1 Qd5 30. Rf2 Rh6 31. Rfe2 Nf6 32. Bxf6 Rxf6 33. Re5 Qd8
34. Qh4 Qf8 35. Re7 Bd5 36. Qg3 Qd8 37. a4 Qb6 38. Re8+ Kh7 39. Qh4+ Rh6 40.
Qf4 g5 41. Qf2 Rxe8 42. Rxe8 Qf6 43. Qe3 Rh4 44. g4 Bb7 45. Re7 Ba8 46. Rd7 Kg7
47. Qe8 Rh8 48. Rxf7+ Qxf7 49. Ne6+ 1-0

[Event "CUB-ch KO"]
[Site "Santa Clara"]
[Date "2007.01.19"]
[Round "1.1"]
[White "Quesada Perez, Yuniesky"]
[Black "Delgado Ramirez, Neuris"]
[Result "1/2-1/2"]
[WhiteElo "2515"]
[BlackElo "2562"]
[PlyCount "69"]
[EventDate "2007.01.19"]
[EventType "k.o."]
[EventRounds "3"]
[EventCountry "CUB"]
[SourceTitle "CBM 117"]
[Source "ChessBase"]
[SourceDate "2007.03.30"]
[SourceVersion "1"]
[SourceVersionDate "2007.03.30"]
[SourceQuality "1"]

1. e4 c5 2. Nf3 d6 3. d4 cxd4 4. Nxd4 Nf6 5. Nc3 Nc6 6. Bg5 Bd7 7. Nb3 Rc8 8.
Be2 a6 9. O-O e6 10. Qd2 h6 11. Bf4 Ne5 12. a4 Bc6 13. Qe3 Be7 14. Bg3 O-O 15.
a5 Ned7 16. Rfd1 e5 17. Nd2 Nc5 18. Nc4 Qc7 19. Nb6 Ncxe4 20. Nxc8 Rxc8 21.
Nxe4 Nxe4 22. Qb6 Nxg3 23. hxg3 Qxb6 24. axb6 d5 25. c4 dxc4 26. Bxc4 Bc5 27.
Rdc1 Bxb6 28. Bxa6 Rd8 29. Bc4 Rd2 30. Rf1 g6 31. b4 Rc2 32. Bd3 Rd2 33. Bc4
Rc2 34. Bd3 Rd2 35. Bc4 1/2-1/2

[Event "CUB-ch KO"]
[Site "Santa Clara"]
[Date "2007.01.20"]
[Round "1.2"]
[White "Delgado Ramirez, Neuris"]
[Black "Quesada Perez, Yuniesky"]
[Result "1/2-1/2"]
[WhiteElo "2562"]
[BlackElo "2515"]
[PlyCount "88"]
[EventDate "2007.01.19"]
[EventType "k.o."]
[EventRounds "3"]
[EventCountry "CUB"]
[SourceTitle "CBM 117"]
[Source "ChessBase"]
[SourceDate "2007.03.30"]
[SourceVersion "1"]
[SourceVersionDate "2007.03.30"]
[SourceQuality "1"]

1. e4 c5 2. Nf3 e6 3. c3 Nf6 4. e5 Nd5 5. Bc4 d6 6. O-O Nb6 7. Bb3 Nc6 8. exd6
Qxd6 9. d4 cxd4 10. cxd4 Be7 11. Nc3 O-O 12. Ne4 Qc7 13. Be3 Nd5 14. Qe2 Bd7
15. Rac1 Rad8 16. Rfd1 Qb8 17. a3 Be8 18. Ba2 f6 19. b4 a6 20. Bc4 Bf7 21. Ng3
Bd6 22. Bd2 Nce7 23. Ne1 Qa7 24. Nf3 Nf4 25. Qf1 Ned5 26. Ne2 Qb8 27. Nxf4 Bxf4
28. g3 Bd6 29. Qh3 Rfe8 30. Bd3 g6 31. Be4 Bf8 32. Bh6 Qd6 33. Bxf8 Rxf8 34.
Nd2 Rc8 35. Nc4 Qd8 36. Qh4 Rc7 37. Rf1 Qe7 38. Bxd5 exd5 39. Ne3 Be6 40. Rxc7
Qxc7 41. Ng4 Bxg4 42. Qxg4 Re8 43. Qf3 Qc6 44. Qf4 Re4 1/2-1/2

[Event "CUB-ch KO"]
[Site "Santa Clara"]
[Date "2007.01.20"]
[Round "1.3"]
[White "Quesada Perez, Yuniesky"]
[Black "Delgado Ramirez, Neuris"]
[Result "1/2-1/2"]
[WhiteElo "2515"]
[BlackElo "2562"]
[PlyCount "133"]
[EventDate "2007.01.19"]
[EventType "k.o."]
[EventRounds "3"]
[EventCountry "CUB"]
[SourceTitle "CBM 117"]
[Source "ChessBase"]
[SourceDate "2007.03.30"]
[SourceVersion "1"]
[SourceVersionDate "2007.03.30"]
[SourceQuality "1"]

1. e4 c5 2. Nf3 d6 3. d4 cxd4 4. Nxd4 Nf6 5. Nc3 Nc6 6. Bg5 Qb6 7. Nb3 e6 8.
Qd2 Be7 9. f3 a6 10. O-O-O O-O 11. g4 Rd8 12. Be3 Qc7 13. g5 Nd7 14. h4 b5 15.
g6 b4 16. gxf7+ Kh8 17. Ne2 Nde5 18. Nf4 Bf8 19. h5 Qxf7 20. Ng6+ Kg8 21. f4
Ng4 22. Bb6 hxg6 23. hxg6 Qxg6 24. Bxd8 Nxd8 25. Bd3 Bb7 26. Qe2 Nh6 27. Kb1 a5
28. Qh2 Ndf7 29. Nd2 Qf6 30. Nc4 Qd4 31. e5 Be4 32. Bxe4 Qxe4 33. Nxd6 Bxd6 34.
exd6 Rd8 35. Rhe1 Rxd6 36. Qh4 Rxd1+ 37. Rxd1 Nf5 38. Qf2 a4 39. Re1 Qd5 40.
Qb6 a3 41. Qxe6 Qd4 42. Qc8+ Nd8 43. c3 Qd3+ 44. Ka1 axb2+ 45. Kxb2 Qd2+ 46.
Kb3 Qxe1 47. Qxd8+ Kf7 48. Qc7+ Kf6 49. cxb4 Qe6+ 50. Kb2 Nd6 51. Qc3+ Kg6 52.
Qd3+ Kf7 53. Qd4 Qe2+ 54. Kb3 Qf3+ 55. Kb2 Qc6 56. a4 Nf5 57. Qd3 g6 58. b5 Qc5
59. Qb3+ Ke7 60. b6 Nd4 61. Qa3 Qxa3+ 62. Kxa3 Kd6 63. a5 Kc6 64. Kb2 Kb5 65.
Kc3 Nc6 66. b7 Kxa5 67. Kd3 1/2-1/2

[Event "CUB-ch KO"]
[Site "Santa Clara"]
[Date "2007.01.20"]
[Round "1.4"]
[White "Delgado Ramirez, Neuris"]
[Black "Quesada Perez, Yuniesky"]
[Result "1/2-1/2"]
[WhiteElo "2562"]
[BlackElo "2515"]
[PlyCount "56"]
[EventDate "2007.01.19"]
[EventType "k.o."]
[EventRounds "3"]
[EventCountry "CUB"]
[SourceTitle "CBM 117"]
[Source "ChessBase"]
[SourceDate "2007.03.30"]
[SourceVersion "1"]
[SourceVersionDate "2007.03.30"]
[SourceQuality "1"]

1. e4 c5 2. Nf3 e6 3. d3 Nc6 4. g3 g6 5. Bg5 f6 6. Be3 d5 7. c3 d4 8. cxd4 cxd4
9. Bd2 e5 10. Bg2 Bg7 11. b4 Be6 12. b5 Nb8 13. Na3 Nd7 14. Rc1 Ne7 15. Nc4 Nb6
16. O-O O-O 17. Qb3 Kh8 18. a4 Rc8 19. a5 Nxc4 20. dxc4 Qd7 21. Qb4 a6 22. Rfd1
Rc7 23. Ne1 Rfc8 24. Bf1 f5 25. exf5 Nxf5 26. bxa6 bxa6 27. c5 Rc6 28. Nf3 Bd5
1/2-1/2

[Event "CUB-ch KO"]
[Site "Santa Clara"]
[Date "2007.01.20"]
[Round "1.5"]
[White "Delgado Ramirez, Neuris"]
[Black "Quesada Perez, Yuniesky"]
[Result "1/2-1/2"]
[WhiteElo "2562"]
[BlackElo "2515"]
[PlyCount "120"]
[EventDate "2007.01.19"]
[EventType "k.o."]
[EventRounds "3"]
[EventCountry "CUB"]
[SourceTitle "CBM 117"]
[Source "ChessBase"]
[SourceDate "2007.03.30"]
[SourceVersion "1"]
[SourceVersionDate "2007.03.30"]
[SourceQuality "1"]

1. e4 c5 2. Nf3 e6 3. d3 Nc6 4. g3 d5 5. Qe2 Nge7 6. Bg2 g6 7. c3 Bg7 8. O-O b6
9. e5 h6 10. h4 Ba6 11. Re1 Qc7 12. a4 Bb7 13. Na3 a6 14. Nc2 b5 15. b4 cxb4
16. cxb4 d4 17. axb5 axb5 18. Rxa8+ Bxa8 19. Ncxd4 Nxd4 20. Nxd4 Bxg2 21. Kxg2
O-O 22. Nf3 Rd8 23. Be3 Qc3 24. Bc5 Nc6 25. d4 Nxb4 26. Qxb5 Nd5 27. Rb1 Qc2
28. Qb3 Qe4 29. Re1 Qg4 30. Nh2 Qf5 31. Qf3 Qc2 32. Ng4 h5 33. Ne3 Nxe3+ 34.
Rxe3 Qa2 35. Rb3 Rd7 36. Bd6 Kh7 37. Rb8 Qa6 38. d5 exd5 39. Qxd5 Ra7 40. Bf8
Bxf8 41. Rxf8 Qb7 42. Qxb7 Rxb7 43. Rd8 Kg7 44. f4 Rb3 45. Rd7 Kf8 46. Kf2 Ra3
47. Rd2 Ke7 48. Re2 Ke6 49. Re3 Ra2+ 50. Kf3 Ra1 51. Rb3 Ke7 52. Rb7+ Kf8 53.
Rb3 Ra4 54. g4 hxg4+ 55. Kxg4 Kg7 56. Rb7 Re4 57. Rb3 Re1 58. Rg3 f6 59. exf6+
Kxf6 60. Ra3 Rg1+ 1/2-1/2

[Event "CUB-ch Places"]
[Site "Santa Clara"]
[Date "2007.01.27"]
[Round "1"]
[White "Quesada Perez, Yuniesky"]
[Black "Delgado Ramirez, Neuris"]
[Result "1/2-1/2"]
[WhiteElo "2515"]
[BlackElo "2562"]
[PlyCount "78"]
[EventDate "2007.01.27"]
[EventType "tourn"]
[EventRounds "5"]
[EventCountry "CUB"]
[EventCategory "11"]
[SourceTitle "CBM 116 Extra"]
[Source "ChessBase"]
[SourceDate "2007.03.07"]
[SourceVersion "1"]
[SourceVersionDate "2007.03.07"]
[SourceQuality "1"]

1. e4 c5 2. Nf3 d6 3. d4 cxd4 4. Nxd4 Nf6 5. Nc3 Nc6 6. Bg5 Qb6 7. Nb3 e6 8.
Bxf6 gxf6 9. Qd2 Bd7 10. O-O-O Na5 11. f4 h5 12. Kb1 Nxb3 13. axb3 O-O-O 14.
Be2 Kb8 15. Rhf1 Qc5 16. f5 Qe5 17. h3 Bc6 18. Bf3 Bh6 19. Qd3 h4 20. Bg4 Rhe8
21. Rfe1 Qc5 22. g3 Bg5 23. gxh4 Bxh4 24. Rf1 Qe5 25. Bf3 Rg8 26. Rg1 Rxg1 27.
Rxg1 Bg5 28. Rd1 Kc7 29. Bg4 a6 30. b4 b5 31. h4 Bxh4 32. Qh3 Qg3 33. Qxg3 Bxg3
34. fxe6 fxe6 35. Bxe6 Be5 36. Nd5+ Kb8 37. Rh1 Re8 38. Bf7 Rf8 39. Be6 f5
1/2-1/2

[Event "CUB-ch Places"]
[Site "Santa Clara"]
[Date "2007.01.28"]
[Round "2"]
[White "Abreu Delgado, Aryam"]
[Black "Delgado Ramirez, Neuris"]
[Result "1-0"]
[WhiteElo "2473"]
[BlackElo "2562"]
[PlyCount "103"]
[EventDate "2007.01.27"]
[EventType "tourn"]
[EventRounds "5"]
[EventCountry "CUB"]
[EventCategory "11"]
[SourceTitle "CBM 116 Extra"]
[Source "ChessBase"]
[SourceDate "2007.03.07"]
[SourceVersion "1"]
[SourceVersionDate "2007.03.07"]
[SourceQuality "1"]

1. e4 c5 2. Nf3 d6 3. d4 cxd4 4. Nxd4 Nf6 5. Nc3 Nc6 6. Bc4 e5 7. Nf5 Be6 8.
Bb3 g6 9. Ne3 Bh6 10. Ned5 Bxc1 11. Nxf6+ Qxf6 12. Rxc1 Qg5 13. O-O Rd8 14. Nd5
O-O 15. c3 Kh8 16. a3 Qh4 17. f3 f5 18. Re1 Bc8 19. Qe2 Qh6 20. Rcd1 Qg7 21.
Nb4 f4 22. Nd3 g5 23. Nf2 h5 24. h3 Rf6 25. Kf1 Qc7 26. Rd2 Kg7 27. Qd3 Qb6 28.
Ba2 Ne7 29. b4 Rh8 30. a4 a6 31. a5 Qc7 32. Qc4 Qb8 33. Red1 Bd7 34. Qb3 Ng6
35. c4 Be6 36. b5 axb5 37. Qxb5 g4 38. c5 Bxa2 39. Rxa2 gxf3 40. gxf3 dxc5 41.
Rd7+ Kh6 42. Qxb7 Qxb7 43. Rxb7 Ra8 44. Rc7 Rb8 45. a6 Ra8 46. a7 Rb6 47. Nd3
c4 48. Rxc4 Rb7 49. Rca4 Kh7 50. Ra6 Re7 51. Nb4 Nh4 52. Nd5 1-0

[Event "CUB-ch Places"]
[Site "Santa Clara"]
[Date "2007.01.29"]
[Round "3"]
[White "Delgado Ramirez, Neuris"]
[Black "De la Paz Perdomo, Frank"]
[Result "0-1"]
[WhiteElo "2562"]
[BlackElo "2433"]
[PlyCount "108"]
[EventDate "2007.01.27"]
[EventType "tourn"]
[EventRounds "5"]
[EventCountry "CUB"]
[EventCategory "11"]
[SourceTitle "CBM 116 Extra"]
[Source "ChessBase"]
[SourceDate "2007.03.07"]
[SourceVersion "1"]
[SourceVersionDate "2007.03.07"]
[SourceQuality "1"]

1. d4 Nf6 2. Nf3 g6 3. Nc3 d5 4. Bf4 Bg7 5. e3 O-O 6. Be2 c6 7. h3 b5 8. O-O
Nbd7 9. Ne5 Bb7 10. Bf3 Nb6 11. a4 a6 12. a5 Nc8 13. g4 Nd6 14. Bg2 Nd7 15. Nd3
Re8 16. Ne2 f6 17. Bxd6 exd6 18. b3 Qe7 19. Ng3 Qf7 20. Nf4 Rad8 21. Rc1 Bh6
22. Qd3 c5 23. dxc5 Ne5 24. Qxd5 Bxd5 25. Bxd5 dxc5 26. Bxf7+ Kxf7 27. f3 c4
28. Kh1 c3 29. Ng2 Nc6 30. Ne4 b4 31. Rcd1 Bf8 32. Nf4 Rxd1 33. Rxd1 Rd8 34.
Ra1 Ne5 35. Rf1 Be7 36. Kg2 f5 37. gxf5 gxf5 38. Ng3 Rd2+ 39. Rf2 Bh4 40. Re2
Ng6 41. Ngh5 Ne7 42. Kf1 Rd1+ 43. Kg2 Rd2 44. Kf1 Rd1+ 45. Kg2 Nc6 46. Ng3 Bxg3
47. Kxg3 Nxa5 48. e4 Nc6 49. e5 Rd2 50. e6+ Ke7 51. Re1 a5 52. Kh4 a4 53. bxa4
b3 54. cxb3 c2 0-1

[Event "CUB-ch Places"]
[Site "Santa Clara"]
[Date "2007.01.31"]
[Round "5"]
[White "Delgado Ramirez, Neuris"]
[Black "Hernandez Carmenates, Holden"]
[Result "0-1"]
[WhiteElo "2562"]
[BlackElo "2543"]
[PlyCount "148"]
[EventDate "2007.01.27"]
[EventType "tourn"]
[EventRounds "5"]
[EventCountry "CUB"]
[EventCategory "11"]
[SourceTitle "CBM 116 Extra"]
[Source "ChessBase"]
[SourceDate "2007.03.07"]
[SourceVersion "1"]
[SourceVersionDate "2007.03.07"]
[SourceQuality "1"]

1. e4 c5 2. Nf3 d6 3. Bb5+ Nc6 4. Bxc6+ bxc6 5. O-O e5 6. c3 f5 7. exf5 Bxf5 8.
d4 cxd4 9. cxd4 e4 10. Nfd2 Nf6 11. f3 Be7 12. fxe4 Bg6 13. Nc3 O-O 14. Qe2 Qd7
15. Nf3 Rae8 16. Bg5 Nxe4 17. Nxe4 Bxe4 18. Qxe4 Bxg5 19. Qd3 Re3 20. Qc4+ d5
21. Qc2 Bf4 22. Rae1 Qe6 23. Kh1 Re4 24. Rxe4 dxe4 25. Re1 Qxa2 26. Qxe4 Qd5
27. Qe6+ Qxe6 28. Rxe6 Bc1 29. Rxc6 Bxb2 30. d5 a5 31. Ra6 Bc3 32. d6 Rd8 33.
g4 h6 34. Nh4 Kf7 35. Nf5 Ke6 36. h4 h5 37. Nxg7+ Bxg7 38. d7+ Ke5 39. gxh5 Kf4
40. h6 Bc3 41. h7 Kg3 42. Rd6 Kf2 43. Rc6 Bd4 44. Rd6 Bh8 45. Rd2+ Ke3 46. Rd6
Kf3 47. Kg1 a4 48. Rd3+ Kg4 49. Kg2 Kxh4 50. Ra3 Kg5 51. Rxa4 Rxd7 52. Ra5+ Kf6
53. Rh5 Kg6 54. Rh3 Rd8 55. Re3 Bf6 56. Rf3 Rh8 57. Rg3+ Bg5 58. Rh3 Bh6 59.
Rc3 Rxh7 60. Rc2 Kf5 61. Re2 Bf4 62. Kf2 Kg4 63. Kg2 Rh3 64. Kf2 Rc3 65. Kg2
Be3 66. Kf1 Kf3 67. Rf2+ Ke4 68. Rg2 Kd3 69. Ra2 Rc1+ 70. Kg2 Ke4 71. Ra4+ Bd4
72. Kh2 Rd1 73. Rb4 Kf3 74. Rb5 Be3 0-1

[Event "Cappelle op 23rd"]
[Site "Cappelle-la-Grande"]
[Date "2007.03.03"]
[Round "1"]
[White "Pruess, David"]
[Black "Delgado Ramirez, Neuris"]
[Result "1-0"]
[WhiteElo "2402"]
[BlackElo "2562"]
[PlyCount "69"]
[EventDate "2007.03.03"]
[EventType "swiss"]
[EventRounds "9"]
[EventCountry "FRA"]
[SourceTitle "CBM 117 Extra"]
[Source "ChessBase"]
[SourceDate "2007.05.09"]
[SourceVersion "1"]
[SourceVersionDate "2007.05.09"]
[SourceQuality "1"]

1. e4 c5 2. Nf3 d6 3. d4 cxd4 4. Nxd4 Nf6 5. Nc3 Nc6 6. Bg5 e6 7. Qd2 Be7 8.
O-O-O Nxd4 9. Qxd4 O-O 10. f4 a6 11. Bd3 Qc7 12. e5 dxe5 13. fxe5 Nd5 14. Ne4
Rd8 15. Bxe7 Qxe7 16. Rhf1 b5 17. Nf6+ gxf6 18. exf6 Qd6 19. Qh4 Kf8 20. Qxh7
Ke8 21. g4 Qe5 22. Kb1 Kd7 23. Rde1 Qd6 24. Qxf7+ Kc6 25. g5 Kb6 26. Qh5 Qb4
27. a3 Qa5 28. Qg4 e5 29. Qg1+ Kc6 30. Rxe5 b4 31. Be4 bxa3 32. Qd4 axb2 33.
Bxd5+ Kc7 34. Re7+ Rd7 35. Qe5+ 1-0